| 000 | 00438nam a2200145Ia 4500 | ||
|---|---|---|---|
| 003 | OSt | ||
| 005 | 20260121142824.0 | ||
| 008 | 211028s2015 xx 000 0 und d | ||
| 040 | _cAIMIT LIBRARY | ||
| 041 | _aeng | ||
| 100 |
_aKhaji, Afas Abdulrahoof; Wright, Rowena. _g1316006 _97280 |
||
| 245 | _aStudy of customer satisfaction with reference to Ribco company Bhatkal / | ||
| 260 |
_aMangalore _bRowena Wright _c2015 |
||
| 942 |
_2ddc _cPRO |
||
| 999 |
_c218850 _d218850 |
||